El espejo y el camino /
Gorde:
| Egile nagusia: | |
|---|---|
| Formatua: | Ezezaguna |
| Hizkuntza: | Spanish |
| Argitaratua: |
Madrid :
Prensa Española,
1968
|
| Saila: | (Colección Vislumbres ;
16) |
| Gaiak: | |
| Etiketak: |
Etiketa erantsi
Etiketarik gabe, Izan zaitez lehena erregistro honi etiketa jartzen!
|
MARC
| LEADER | 000000000a22000000004500 | ||
|---|---|---|---|
| 001 | 003439 | ||
| 041 | 0 | |a spa | |
| 082 | 0 | 4 | |a 809.04 |b T689e |
| 100 | 1 | |a Torre, Guillermo de, |d 1900-1971 | |
| 245 | 1 | 3 | |a El espejo y el camino / |c Guillermo de Torre. |
| 260 | 1 | |a Madrid : |b Prensa Española, |c 1968 | |
| 300 | |a 303 páginas | ||
| 490 | 1 | |a (Colección Vislumbres ; |v 16) | |
| 500 | |a Colección George Yudice | ||
| 650 | 4 | |a LITERATURA MODERNA | |
| 650 | 4 | |a SIGLO XX | |
| 650 | 4 | |a SIGLO XIX | |
| 650 | 4 | |a ARTE | |
| 999 | |c 9663 |d 9663 | ||
| 942 | |c BK |h 809.04 T689e |2 z | ||
